Score 0/15 Timer 03:00
0 Plays Today
Begins With Character % Correct
RROCKY BALBOA
87.5%
AANNIE HALL
87.2%
IINDIANA JONES
83.3%
CCHEWBACCA
81.5%
AAXEL FOLEY
76.9%
EERIN BROCKOVICH
72.4%
VVIRGIL TIBBS
71.7%
MMICHAEL CORLEONE
67.4%
Begins With Character % Correct
HHARRY CALLAHAN
66.3%
TTRAVIS BICKLE
58.3%
SSPARTACUS
43.7%
CCLYDE BARROW
41.9%
OOSKAR SCHINDLER
39.4%
EELLEN RIPLEY
35.2%
RRICK BLAINE
33%
Remove Ads.
Support Sporcle.
Get the best of Sporcle when you Go Orange. This ad-free experience offers more features, more stats, and more fun while also helping to support Sporcle. Thank you for becoming a member.

You're not logged in!

Compare scores with friends on all Sporcle quizzes.
OR
Log In

Show Comments

Extras

Top Quizzes Today


Score Distribution

Your Account Isn't Verified!

In order to create a playlist on Sporcle, you need to verify the email address you used during registration. Go to your Sporcle Settings to finish the process.

Report this User

Report this user for behavior that violates our Community Guidelines.

Details: